Optical communications / (Record no. 182929)
[ view plain ]
| 000 -LEADER | |
|---|---|
| fixed length control field | 01256 a2200253 4500 |
| 003 - CONTROL NUMBER IDENTIFIER | |
| control field | Nust |
| 005 - DATE AND TIME OF LATEST TRANSACTION | |
| control field | 20221223182620.0 |
| 010 ## - LIBRARY OF CONGRESS CONTROL NUMBER | |
| LC control number | 94028420 |
| 020 ## - INTERNATIONAL STANDARD BOOK NUMBER | |
| International Standard Book Number | 0471542873 (acid-free paper) |
| 040 ## - CATALOGING SOURCE | |
| Transcribing agency | Nust |
| 082 00 - DEWEY DECIMAL CLASSIFICATION NUMBER | |
| Classification number | 621.3827,GAG |
| 100 1# - MAIN ENTRY--PERSONAL NAME | |
| Personal name | Gagliardi, Robert M., |
| 9 (RLIN) | 63755 |
| 245 10 - TITLE STATEMENT | |
| Title | Optical communications / |
| Statement of responsibility, etc. | Robert M. Gagliardi, Sherman Karp. |
| 250 ## - EDITION STATEMENT | |
| Edition statement | 2nd ed. |
| 260 ## - PUBLICATION, DISTRIBUTION, ETC. | |
| Place of publication, distribution, etc. | New York : |
| Name of publisher, distributor, etc. | Wiley, |
| Date of publication, distribution, etc. | c1995. |
| 300 ## - PHYSICAL DESCRIPTION | |
| Extent | xv, 347 p. : |
| Other physical details | ill. ; |
| Dimensions | 25 cm. |
| 440 #0 - SERIES STATEMENT/ADDED ENTRY--TITLE | |
| Title | Wiley series in telecommunications and signal processing |
| 9 (RLIN) | 728 |
| 505 ## - FORMATTED CONTENTS NOTE | |
| Formatted contents note | The Optical Communication System (Page-1), Optical Field Reception (Page-39), Photodetection (Page-75), Noncoherent (Direct) Detection (Page-119), Coherent (Heterodyne) Detection (Page-151), Optical Digital Communications (Page-17), Fiberoptic Communications (Page-233), Fiber Networks (Page-259) The Atmospheric Optical Channel (Page-285), Pointing, Acquisition, and Tracking in Space Optics (Page-305). |
| 650 #0 - SUBJECT ADDED ENTRY--TOPICAL TERM | |
| Topical term or geographic name entry element | Telecommunication engineering |
| 700 1# - ADDED ENTRY--PERSONAL NAME | |
| Personal name | Karp, Sherman. |
| 9 (RLIN) | 105779 |
| 856 42 - ELECTRONIC LOCATION AND ACCESS | |
| Materials specified | Publisher description |
| Uniform Resource Identifier | <a href="http://www.loc.gov/catdir/description/wiley033/94028420.html">http://www.loc.gov/catdir/description/wiley033/94028420.html</a> |
| 856 42 - ELECTRONIC LOCATION AND ACCESS | |
| Materials specified | Table of Contents |
| Uniform Resource Identifier | <a href="http://www.loc.gov/catdir/toc/onix03/94028420.html">http://www.loc.gov/catdir/toc/onix03/94028420.html</a> |
| 942 ## - ADDED ENTRY ELEMENTS (KOHA) | |
| Source of classification or shelving scheme | |
| Koha item type | Book |
| Withdrawn status | Lost status | Source of classification or shelving scheme | Damaged status | Not for loan | Permanent Location | Current Location | Shelving location | Date acquired | Full call number | Barcode | Date last seen | Price effective from | Koha item type | Public note |
|---|---|---|---|---|---|---|---|---|---|---|---|---|---|---|
| Military College of Signals (MCS) | Military College of Signals (MCS) | General Stacks | 12/12/2016 | 621.3827,GAG | MCS969 | 12/08/2016 | 12/12/2016 | Book | Almirah No.37, Shelf No.6 |
